<?xml version="1.0" encoding="UTF-8"?>
<marc:record xmlns:marc="http://www.loc.gov/MARC21/slim">
   <marc:leader>00000nam a2200000 a 4500</marc:leader>
   <marc:datafield ind1="1" ind2=" " tag="100">
      <marc:subfield code="a">Beer Alex</marc:subfield>
      <marc:subfield code="4">aut</marc:subfield>
      <marc:subfield code="e">Verfasser/-in</marc:subfield>
   </marc:datafield>
   <marc:datafield ind1="0" ind2="0" tag="245">
      <marc:subfield code="a">DIE ROTE FRAU</marc:subfield>
   </marc:datafield>
   <marc:datafield ind1="0" ind2="0" tag="245">
      <marc:subfield code="b">EIN FALL FÜR AUGUST EMMERICH</marc:subfield>
   </marc:datafield>
   <marc:datafield ind1=" " ind2="1" tag="264">
      <marc:subfield code="b">Random House Audio</marc:subfield>
      <marc:subfield code="c">2018</marc:subfield>
   </marc:datafield>
   <marc:datafield ind1="1" ind2=" " tag="520">
      <marc:subfield code="a">Wien in den Nachwehen des Ersten Weltkriegs. Als ein prominenter Politiker ermordet wird, kann sich Inspektor August Emmerich nicht an den Ermittlungen beteiligen - statt dessen soll ersich um eine Schauspielerin kümmern, die um ihr Leben fürchtet. Doch der Fall entpuppt sich als nicht so nebensächlich wie es scheint, und schon bald stecken Emmerich und sein Assistent Winter mitten in einem perfiden Mordkomplott.</marc:subfield>
   </marc:datafield>
   <marc:datafield ind1="3" ind2=" " tag="024">
      <marc:subfield code="a">9783837141306</marc:subfield>
   </marc:datafield>
</marc:record>
